| 000 | 00573nam a2200193Ia 4500 | ||
|---|---|---|---|
| 003 | IN-BaIIA | ||
| 008 | 211028s9999 xx 000 0 eng d | ||
| 020 | _a81-85198-81-0 | ||
| 040 | _cIIA Library | ||
| 080 |
_a621-83 _bLEO |
||
| 100 |
_aLeonhard, W _919060 |
||
| 245 | 0 |
_aControl of electrical drives _cW. Leonhard |
|
| 260 |
_aNew Delhi _bNarosa Publishing House _c1992 |
||
| 300 | _axvi, 346p. | ||
| 650 |
_aElectrical drives _919061 |
||
| 650 |
_aElectrical energy _919062 |
||
| 650 | _aNASA thesaurus | ||
| 942 | _cBK | ||
| 999 |
_c11132 _d11132 |
||